| 000 | 00738nam a22001337a 4500 | ||
|---|---|---|---|
| 040 | _cRUA | ||
| 082 | _aAGR SOU 2006 BO33 Or.1 | ||
| 100 | _aSOU SOCHEAT | ||
| 245 | _aEffect of KNO3 dose in hydropnic solution on non heaing chinese cabbage at royal university og agriculture's crop station, (ប្រសិទ្ធភាពនៃកំហាប់ប៉ូតាស្យូមនីត្រាតក្នុងសូលុយស្យុងអ៊ីដ្រូប៉ូនិកទៅលើដំណាំស្ពៃក្រញ់ាញ់នៅវិទ្យាល័យភូមិន្ធកសិកម្ម). | ||
| 260 |
_aPHNOM PHEN _bRUA _c2006 |
||
| 300 |
_aXIII,36P. _bILL. _c29CM. |
||
| 856 | _u DOS SOCHEAT | ||
| 942 | _cAGR | ||
| 999 |
_c729 _d729 |
||